00848cam a22002531 4500001001300000003000400013005001700017008004100034010002200075020000800097025002100105043001200126050001500138100005200153245006200205260002200267300003700289500009300326504002500419650003300444700004000477711006000517999001700577sa 68015455 DLC20260227112643.0880915s1964 ii b b 00010 eng  asa 68015455 //r88 cRs2 aPL 480: I-E-8306 aah-----0 aQE289b.W310aWadia, D. N.q(Darashaw Nosherwan),d1883-1969.10aStructure of the Himalayas,cby D.N. Wadia and W.D. West.1 aNew Delhi,c1964. a10 p.bmaps (part fold.)c24 cm. aAt head of title: International Geological Congress, twenty-second session, India, 1964. aBibliography: p. 10. 0aGeologyzHimalaya Mountains.10aWest, William Dixon,ejoint author.20aInternational Geological Congress,n22d,cDelhi,d1964. c86468d86468